000 00694nam a2200217Ia 4500
003 OSt
005 20251215105845.0
008 210707s1969 xx 000 0 und d
040 _cAL
041 _aKannada
082 _aK894.9 MUGS
100 _aMUGALI (Ram Shri)
_dಮುಗಲಿ (ರಂ ಶ್ರೀ)
_9249084
245 _aSahitya vimarsheya margadarshaka sutragalu.
_bಸಾಹಿತ್ಯ ವಿಮರ್ಶೆಯ ಮಾರ್ಗದರ್ಶಕ ಸೂತ್ರಗಳು.
260 _aDharavada
_bKarnataka Vishvavidylaya
_c1969
300 _a120 p
365 _b3
_cINR
563 _aPB
650 _aKannada Criticism
_9249085
906 _aSahitya Vimarshe
942 _2ddc
_cBK
999 _c179985
_d179985